[Event "Montenegro Festival Mix-01 2021"]
[Site "Podgorica"]
[Date "2021.03.22"]
[Round "6.8"]
[White "Pobor, Milo"]
[Black "Vujovic, Savo"]
[Result "1/2-1/2"]
[WhiteElo "2105"]
[BlackElo "2187"]
[Annotator "TA"]
[PlyCount "20"]
[EventDate "2021.02.26"]
[EventType "swiss"]
[EventCountry "MNE"]
[SourceTitle "playchess.com"]
[Source "ChessBase"]
[SourceQuality "1"]

{[%evp 9,20,32,38,32,22,23,18,19,24,0,16,-3,46]} 1. e4 c5 2. d4 e6 3. Nf3 cxd4 4. Nxd4 a6 5. Nc3 Qc7 6. Qg4 {B43: Sicilian: Kan Variation: 5 Nc3.} Nf6 7. Qg3 d6 8. Be3 h5 {[#]} 9. f4 $146 ({Predecessor:} 9. Bg5 b5 10. a3 Nbd7 11. Bd3 Bb7 12. O-O Be7 13. Nf3 O-O 14. Rad1 Rac8 15. Rfe1 {½-½ (46) Legemaat,G (2376)-Catt,P (2384) ICCF email 2019}) 9... h4 10. Qf3 Nc6 {A rather calm draw.  Weighted Error Value: White=0.05/Black=0.05} 1/2-1/2

[Event "Montenegro Festival Mix-01 2021"]
[Site "Podgorica"]
[Date "2021.03.23"]
[Round "7.1"]
[White "Thybo, Jesper Sondergaard"]
[Black "Sanal, Vahap"]
[Result "0-1"]
[WhiteElo "2572"]
[BlackElo "2571"]
[Annotator "TA"]
[PlyCount "82"]
[EventDate "2021.02.26"]
[EventType "swiss"]
[EventCountry "MNE"]
[SourceTitle "playchess.com"]
[Source "ChessBase"]
[SourceQuality "1"]

{[%evp 15,82,9,16,13,17,16,24,0,31,14,14,0,0,0,3,0,33,0,0,0,0,0,0,-3,18,12,32,9,16,0,7,0,0,0,0,0,0,0,-4,-8,16,0,0,0,0,-39,-35,-36,-40,-43,-22,-104,-100,-87,-91,-73,-41,-42,-44,-105,0,-978,-973,-962,-961,-704,-253,-496,-382]} 1. d4 e6 2. c4 Bb4+ 3. Bd2 Bxd2+ 4. Qxd2 d5 5. Nc3 Nf6 6. e3 O-O 7. Nf3 b6 8. cxd5 exd5 9. Bd3 {E11: Bogo-Indian.} Qe7 $5 {[%mdl 4] Leaves trodden paths.} 10. O-O c5 11. a3 {[#] White has an edge.} Bb7 $146 ({Predecessor:} 11... Rd8 12. Ne5 Bb7 13. Bf5 Nc6 14. f4 g6 15. Bc2 Rac8 16. Rad1 Kg7 17. Qf2 Ba6 {0-1 (39) Altantuya,B (2223)-Sukandar,I (2384) Ulaanbaatar 2019}) 12. Rfe1 Nbd7 13. dxc5 bxc5 14. b4 Ne4 15. Qb2 Rab8 16. Bf1 Ba8 17. Nxe4 dxe4 18. Nd2 Ne5 19. Qc3 Rfd8 20. bxc5 Qg5 {[#] ...Rxd2! is the strong threat.} 21. Red1 h6 22. Be2 Rd5 23. Rdb1 Rxb1+ 24. Rxb1 {aiming for Rb8+.} Rxc5 $1 25. Qd4 Nf3+ 26. Bxf3 exf3 {[%csl Ga8,Gf3][%cal Rg5g2]} 27. g3 {Hoping for Rb8+.} Rd5 28. Rb8+ Kh7 29. Qe4+ ({Wrong is} 29. Nxf3 $2 Qh5 $19) 29... f5 30. Qxf3 (30. Qe8 {feels hotter.} Rxd2 31. Qh8+ Kg6 32. Qe8+ Kh7) 30... Bc6 31. Qe2 Qe7 {[%mdl 1024] White must now prevent ...Qe5. Black has compensation.} 32. Nf3 Rc5 {Threatens to win with ...Rc1+.} 33. h4 (33. Rb1 $11 {keeps the balance.}) 33... Rc1+ $17 {[%mdl 64] [#] Discovered Attack} 34. Kh2 Be4 {Strongly threatening ...Rc2.} 35. Rb4 {Threatening Ng5+!} Qf6 (35... Qe6 {seems wilder.} 36. Ne1 a5 37. Rd4 Qb6 38. Nf3 Qf6) 36. Rd4 Qc6 $36 {[%mdl 2048] Black has the initiative.} 37. Ng1 (37. Ne1 $1 $15) 37... Qc3 (37... Ra1 $17 {And now ...Qc1! would win.} 38. Rc4 Qb6) 38. Rd1 {[%mdl 8192]} (38. Nf3 $11 Qc6 39. Ne1) 38... Rc2 $19 39. Qf1 Qxe3 40. Nh3 f4 $2 (40... Qxa3 41. Qg1 Qf3) 41. gxf4 $2 (41. Qg1) 41... Bf5 {Weighted Error Value: White=0.42/Black=0.21} 0-1

[Event "Montenegro Festival Mix-01 2021"]
[Site "Podgorica"]
[Date "2021.03.23"]
[Round "7.2"]
[White "Delchev, Aleksander"]
[Black "Suleymanli, Aydin"]
[Result "1/2-1/2"]
[WhiteElo "2526"]
[BlackElo "2512"]
[Annotator "TA"]
[PlyCount "29"]
[EventDate "2021.02.26"]
[EventType "swiss"]
[EventCountry "MNE"]
[SourceTitle "playchess.com"]
[Source "ChessBase"]
[SourceQuality "1"]

{[%evp 12,29,23,16,34,16,20,19,22,18,19,15,27,21,29,20,42,46,36,35]} 1. c4 c6 2. d4 d5 3. cxd5 cxd5 4. Bf4 Nc6 5. e3 a6 6. Nc3 Nf6 7. Be2 e6 {D10: Slav Defence: 3 cxd5 (without early Nf3) and 3 Nc3.} 8. Rc1 Bd6 9. Bxd6 Qxd6 {The position is equal.} 10. f4 Ne7 11. Bd3 Nf5 12. Qe2 Qe7 13. Nf3 b5 14. O-O {[#]} O-O $146 ({Predecessor:} 14... Bb7 15. Ne5 Nd6 16. f5 exf5 17. Bxf5 O-O 18. Qf2 Nxf5 19. Qxf5 Rac8 20. Ne2 Qb4 21. Rxc8 Bxc8 {0-1 (40) Arnaudov,P (2473)-Korneev,O (2513) Barcelona 2020}) 15. Ne5 {Weighted Error Value: White=0.03/Black=0.08} 1/2-1/2

[Event "Montenegro Festival Mix-01 2021"]
[Site "Podgorica"]
[Date "2021.03.23"]
[Round "7.3"]
[White "Blagojevic, Dragisa"]
[Black "Injac, Teodora"]
[Result "1-0"]
[WhiteElo "2489"]
[BlackElo "2319"]
[Annotator "TA"]
[PlyCount "127"]
[EventDate "2021.02.26"]
[EventType "swiss"]
[EventCountry "MNE"]
[SourceTitle "playchess.com"]
[Source "ChessBase"]
[SourceQuality "1"]

{[%evp 12,127,23,17,29,21,27,33,38,44,47,39,52,47,54,46,51,52,64,49,43,51,56,60,85,75,85,91,132,120,114,114,127,123,132,127,184,129,132,132,126,116,176,164,169,164,159,95,222,216,218,184,218,208,217,211,198,197,212,206,197,203,249,212,249,249,247,228,275,268,260,261,303,296,417,408,469,458,523,511,452,383,409,374,845,845,771,549,414,0,780,753,699,699,589,443,543,543,1741,1752,11558,10373,4610,294,286,262,604,560,455,447,29986,29987,29987,29988,29988,29989,29989,29990]} 1. d4 Nf6 2. c4 e6 3. Nf3 d5 4. g3 Bb4+ 5. Bd2 a5 6. Bg2 O-O 7. Qc2 c5 {E11: Bogo-Indian.} 8. cxd5 cxd4 9. Nxd4 Qb6 {White is slightly better.} 10. e3 exd5 11. O-O Nc6 12. Nxc6 bxc6 13. Rc1 Rb8 {seems to push 13...Bd7 aside.} 14. Nc3 h5 15. a3 {Black must now prevent Na4.} Be7 $1 16. Na4 $36 {[%mdl 2048] White has the initiative.} Qc7 {[#]} 17. Bc3 $146 ({Predecessor:} 17. Nc5 h4 18. e4 Rb5 19. Be3 Ng4 20. Bf4 Bd6 21. Nd3 Bxf4 22. Nxf4 Qb6 23. Rab1 dxe4 24. Bxe4 {½-½ (40) Andersen,M (2585)-Bluebaum,M (2660) Karlsruhe 2020}) 17... Ba6 18. Bxf6 Bxf6 {[#]} 19. Bxd5 {[%mdl 64] Pin} Bb5 (19... h4 20. Be4) 20. Bf3 ({And not} 20. Bxc6 Rfc8 $15) 20... Bxa4 21. Qxa4 Rxb2 22. Rxc6 Qe5 23. Rd1 Ra2 (23... Qf5 $16 {might work better.} 24. Qe4 Qxe4 25. Bxe4 Rb3) 24. Qb3 ({White should try} 24. Bd5 $18 Ra1 25. Rxa1 Qxa1+ 26. Kg2) 24... Ra1 $16 25. h4 Rb8 26. Qc2 g6 (26... Rxd1+ $16 {keeps fighting.} 27. Qxd1 Rd8) 27. Rxa1 $1 $18 Qxa1+ 28. Kg2 $1 Kg7 29. Rc7 (29. Qc4 $142 $1) 29... Be5 {[#]} (29... Qe5 $16) 30. Rd7 $1 Qxa3 31. Qc4 Rf8 32. Bd5 {[%cal Rd5f7]} Qc3 33. Bxf7 {White wants to mate with Bg8+.} Qxc4 34. Bxc4+ {[%mdl 4096] Endgame KRB-KRB} Kh6 35. Ra7 Bc3 36. f4 Bb4 37. Kf3 Re8 38. Ra6 Rd8 39. e4 Rd6 {[#] If Black can now play ...Rxa6 this consolidates a bit.} 40. Ra7 Rd8 41. e5 Be1 42. Bf7 {Strongly threatening e6.} Kg7 (42... Rc8 $142 43. Rb7 Bb4) 43. Bd5+ Kh6 44. Be4 Bc3 45. Ra6 Rg8 46. Kg2 Rg7 47. Kh3 Kh7 $2 (47... Rg8 48. g4 Bd4) 48. g4 Bd2 49. Kg3 Be1+ 50. Kh3 (50. Kf3 $142 Kh6 51. Ra8) 50... Bd2 $1 51. gxh5 Bxf4 52. Bxg6+ Kh8 53. e6 {White threatens Ra8+ and mate.} Re7 54. Kg4 Bd2 55. Rd6 Be3 56. Kf5 {Kf6 would kill now.} Kg7 57. Rd3 $2 (57. h6+ Bxh6 58. Rd7) 57... Bc1 58. Rd7 Kf8 (58... Ba3 59. Rd3 Bc1 60. h6+ Kxh6) 59. Rd8+ Kg7 60. Bf7 Bb2 (60... Rb7 $18 61. h6+ Kxh6) 61. h6+ {White mates.} Kxh6 62. Rd7 Ba3 63. Kf6 a4 64. Rd5 {[%csl Gf7][%cal Rd5h5] Weighted Error Value: White=0.31/Black=0.28} (64. Rxe7 Bxe7+ 65. Kxe7 a3 $11) 1-0

[Event "Montenegro Festival Mix-01 2021"]
[Site "Podgorica"]
[Date "2021.03.23"]
[Round "7.4"]
[White "Tomic, Aleksandar"]
[Black "Sukovic, Andrej"]
[Result "1-0"]
[WhiteElo "2360"]
[BlackElo "2282"]
[Annotator "TA"]
[PlyCount "57"]
[EventDate "2021.02.26"]
[EventType "swiss"]
[EventCountry "MNE"]
[SourceTitle "playchess.com"]
[Source "ChessBase"]
[SourceQuality "1"]

{[%evp 13,57,26,42,42,42,49,33,42,41,34,35,31,44,61,41,41,45,47,64,25,80,65,157,87,105,77,75,86,137,119,625,624,610,585,635,620,635,618,1256,1239,1205,1189,1793,1726,1643,1643]} 1. d4 Nf6 2. c4 g6 3. Nc3 Bg7 4. e4 d6 5. h3 O-O 6. Be3 e5 7. d5 a5 8. g4 {E71: King's Indian: 4 e4 d6 5 h3.} Na6 9. Nge2 h5 10. f3 {White is slightly better.} Nh7 11. gxh5 Qh4+ 12. Bf2 Qxh5 13. Ng3 $36 {[%mdl 2048] White has good play.} Qh6 14. h4 Nf6 15. h5 {[#]} Qg5 $146 ({Much weaker is} 15... gxh5 16. Bh3 $16) ({Predecessor:} 15... Nxh5 16. Nxh5 gxh5 17. Qd2 Qxd2+ 18. Kxd2 f5 19. Rxh5 b6 20. Bh3 fxe4 21. Nxe4 Rxf3 22. Bxc8 Rxc8 {1-0 (68) Sarana,A (2618)-Pridorozhni,A (2567) Khanty-Mansiysk 2018}) 16. Bd3 Nc5 ({Of course not} 16... gxh5 $6 17. Qd2 $16) (16... Bd7 $11 {remains equal.}) 17. Bc2 $16 Qf4 {[#]} (17... Bd7 $14) 18. Qe2 (18. h6 $142 $1 {[%cal Rh6g7]}) 18... Nh7 19. Kf1 Bf6 20. Kg2 Bh4 (20... Bg5 $142) 21. Rh2 Nf6 $2 {[%mdl 8192] [#] Black cannot hold the game after this.} (21... g5 $16 22. Rg1 Bxg3 23. Bxg3 Qf6) 22. Rxh4 $1 $18 {[%mdl 512] White is clearly winning.} Qxh4 (22... Qg5 23. Be3) 23. Rh1 g5 24. Rxh4 gxh4 {[#]} 25. Qd2 $1 {Strongly threatening Qg5+.} hxg3 (25... Nh7 26. Nf5) 26. Qg5+ Kh7 27. Bxc5 Rg8 28. Qxf6 dxc5 29. Qxe5 {Weighted Error Value: White=0.06/Black=0.60} 1-0

[Event "Montenegro Festival Mix-01 2021"]
[Site "Podgorica"]
[Date "2021.03.23"]
[Round "7.5"]
[White "Kisic, Bozidar"]
[Black "Can, Isik"]
[Result "0-1"]
[WhiteElo "2233"]
[BlackElo "2380"]
[Annotator "TA"]
[PlyCount "110"]
[EventDate "2021.02.26"]
[EventType "swiss"]
[EventCountry "MNE"]
[SourceTitle "playchess.com"]
[Source "ChessBase"]
[SourceQuality "1"]

{[%evp 9,110,-29,-11,-11,-10,-8,4,12,13,-20,0,-68,-73,-76,-91,-75,-97,-74,-83,-93,-77,-97,-108,-127,-125,-125,-125,-113,-123,-116,-106,-158,-141,-272,-244,-235,-122,-338,-334,-332,-315,-349,-360,-355,-350,-368,-366,-387,-389,-362,-356,-390,-375,-490,-496,-438,-370,-367,-335,-402,-390,-435,-185,-208,474,-128,-62,-214,-214,-324,-244,-308,-293,-260,-285,-495,-258,-388,-351,-534,-535,-543,-516,-589,-145,-145,-145,-702,-184,-205,-198,-206,-191,-1046,-972,-29980,-5306,-29984,-29985,-29985,-29986,-29987,-29988]} 1. d4 d5 2. c4 c6 3. Nf3 Nf6 4. Nc3 dxc4 5. e4 b5 $1 6. Be2 {D15: Slav Defence: 4 Nc3 a6 and gambit lines after 4 Nc3 dxc4.} e6 7. O-O a5 {[%cal Ba7a5,Ba5a4][%mdl 32]} 8. Bg5 {[#] The position is equal.} Be7 $146 ({Predecessor:} 8... Ba6 9. Qc2 h6 10. Bh4 g5 11. Bg3 g4 12. Ne5 b4 13. Na4 Qxd4 14. Nxc4 Nbd7 {1-0 (36) Hecht,H (2291)-Poetsch,K (2119) Germany 2018}) 9. Re1 O-O 10. Bf1 (10. a4 $11) 10... h6 11. Bf4 a4 12. a3 Bb7 13. Qd2 Nbd7 {[%cal Bb8d7,Bd7f8,Bf8g6][%mdl 32]} 14. Rad1 Re8 15. e5 Nd5 16. Nxd5 cxd5 17. Re3 Nf8 18. Ne1 Ng6 19. Rh3 Bf8 20. Be3 (20. Rg3 $142) 20... b4 $17 21. f4 (21. Nc2 $17) 21... bxa3 $19 22. bxa3 f5 (22... Bxa3 $19 23. g4 Bc8) 23. g4 $2 (23. Be2 $17) 23... fxg4 24. Rg3 Nh4 (24... Bxa3 25. Rxg4 Nh4 26. Bh3) 25. Rxg4 Bxa3 26. Bh3 Bf8 27. Qf2 Nf5 28. Rg6 Bc8 29. Nc2 Kh7 30. Bxf5 exf5 31. Qg2 Re6 32. Rg3 g6 33. Bc1 Rb8 34. Kh1 Rb3 35. Ne3 Bb7 (35... a3 $142 36. Qa2 Qa5) 36. Rg1 {[%cal Rg3g6]} Qe7 $4 {[%mdl 8192] [#]} (36... Qb6 $19 {...a3 is the strong threat.} 37. h4 a3) 37. Nxf5 $1 {[%mdl 512]} Rxg3 ({Better is} 37... Qf7 $17 38. Ne3 a3) 38. Qxg3 $2 ({White has to play} 38. Nxg3 $15 Ra6 39. f5) 38... Qf7 $1 {[%cal Rf7f5]} 39. Nh4 (39. Nd6 {was forced.} Bxd6 40. exd6) 39... Bc8 40. Ba3 Bxa3 41. Qxa3 Bd7 ({Inferior is} 41... Qxf4 42. Nxg6 Qe4+ 43. Rg2 $11) 42. Rf1 $2 (42. Qb4) 42... Qe7 (42... Rb6 $142 43. Re1 Rb3) 43. Qg3 (43. Qxe7+ $142 Rxe7 44. Kg2) 43... Rb6 44. Ra1 (44. f5 $142 gxf5 45. Rg1) 44... Qf7 45. Qa3 Rb7 46. Qd6 Bf5 $2 (46... c3 $19 {has better winning chances.} 47. Rc1 g5 48. fxg5 hxg5) 47. Nxf5 $17 Qxf5 ({Much worse is} 47... gxf5 $6 48. Rg1 $11) 48. Qxd5 {[%mdl 12288] Endgame KQR-KQR} (48. Re1 $17) 48... Rc7 $2 (48... Rb2 {Hoping for ...h5.} 49. Qa8 c3 50. Qa7+ Kg8 51. Qa8+ Kg7) 49. Re1 $19 {[#]} c3 $1 {[%cal Rc3c2] And now ...c2 would win.} ({Much less strong is} 49... Qxf4 50. e6 $17) 50. Qd6 {[#]} Qc8 {Threatens to win with ...c2.} 51. Rg1 $2 (51. d5) 51... Rg7 52. e6 c2 53. Rc1 Qb7+ {Black mates.} 54. d5 Qb2 55. Rxc2 Qxc2 {Weighted Error Value: White=0.87/Black=0.48} 0-1

[Event "Montenegro Festival Mix-01 2021"]
[Site "Podgorica"]
[Date "2021.03.23"]
[Round "7.6"]
[White "Djurovic, Peko"]
[Black "Nikcevic, Nebojsa"]
[Result "0-1"]
[WhiteElo "2062"]
[BlackElo "2412"]
[Annotator "TA"]
[PlyCount "70"]
[EventDate "2021.02.26"]
[EventType "swiss"]
[EventCountry "MNE"]
[SourceTitle "playchess.com"]
[Source "ChessBase"]
[SourceQuality "1"]

{[%evp 16,70,-10,-45,-48,-53,-47,-50,-27,-101,-100,-91,-91,-89,-67,-107,-73,-68,-78,-75,-80,-97,-82,-125,-122,-119,-89,-128,-125,-320,-312,-381,-362,-412,-302,-314,-321,-307,-293,-299,-272,-377,-375,-441,-422,-897,-930,-919,-924,-898,-881,-927,-926,-1235,-1164,-2273,-2223]} 1. e4 c5 2. Nc3 Nc6 3. f4 e6 4. Nf3 d5 5. Bb5 Nge7 6. O-O a6 7. Bxc6+ Nxc6 8. d3 Be7 9. Qe1 O-O {B23: Closed Sicilian: Lines without g3.} 10. Qg3 d4 {has lost popularity (10...b5).} 11. Nd1 f5 {Black is slightly better.} 12. e5 {[#]} (12. Bd2 $11) 12... Nb4 $146 ({Predecessor:} 12... b5 13. a3 Bb7 14. Nf2 Rc8 15. Nh3 h6 16. Qg6 Qd7 17. Bd2 Bd8 18. Nf2 Qf7 {0-1 (39) Edeling,J-Koekoek,A Leiden 2000}) 13. Rf2 b6 {[%cal Bb7b6,Bb6b5,Bb5b4][%mdl 32]} 14. Qh3 Qe8 15. Bd2 Nd5 16. c4 dxc3 17. bxc3 b5 18. Rb1 a5 19. Kh1 b4 20. c4 Nc7 21. Ne3 Bb7 22. g4 $2 {[#] This costs White the game.} (22. Kg1 $17 {was called for.}) 22... Rd8 $19 23. gxf5 exf5 24. Rg1 Qf7 25. Rfg2 Ne6 (25... Rxd3 26. Rxg7+ Qxg7 27. Rxg7+ Kxg7 28. Kg1 $17) 26. Nd5 Bxd5 27. cxd5 Rxd5 28. d4 cxd4 29. Be1 d3 {Black is clearly winning.} 30. Qh6 (30. Bd2 $142) 30... Kh8 31. Qh3 Nxf4 {[%mdl 64] [#] Double Attack} 32. Qg3 Nxg2 33. Qxg2 Rg8 34. Bh4 d2 35. Rd1 Bxh4 {Weighted Error Value: White=0.80/Black=0.12} 0-1

[Event "Montenegro Festival Mix-01 2021"]
[Site "Podgorica"]
[Date "2021.03.23"]
[Round "7.7"]
[White "Djukic, Nikola"]
[Black "Pobor, Milo"]
[Result "1-0"]
[WhiteElo "2521"]
[BlackElo "2105"]
[Annotator "TA"]
[PlyCount "91"]
[EventDate "2021.02.26"]
[EventType "swiss"]
[EventCountry "MNE"]
[SourceTitle "playchess.com"]
[Source "ChessBase"]
[SourceQuality "1"]

{[%evp 9,91,-7,0,0,1,12,15,0,21,-9,37,34,31,6,53,43,39,43,72,38,61,55,61,12,115,85,91,0,89,82,88,68,52,50,79,102,107,0,0,0,0,0,0,0,0,-278,-248,-232,-221,-398,-401,-443,102,108,104,82,85,76,76,90,95,102,116,119,121,92,93,93,93,93,93,93,202,77,81,77,121,113,80,70,303,294,362,312]} 1. e4 c5 2. Be2 Nc6 3. d3 e6 4. f4 d5 5. Nf3 Nf6 6. e5 {B21: Sicilian: 2 f4 and Morra Gambit.} Nd7 7. c3 Be7 8. O-O {The position is equal.} O-O 9. Be3 f6 {[%cal Rf6e5]} 10. d4 $1 Rb8 11. Nbd2 b5 {[%cal Bb7b5,Bb5b4][%mdl 32] [#]} 12. exf6 $146 ({Predecessor:} 12. Bd3 f5 13. g4 g6 14. h4 b4 15. Ng5 Bxg5 16. fxg5 bxc3 17. bxc3 Qa5 18. Rc1 cxd4 19. cxd4 {0-1 (35) Yordanov,N (2181)-Therkildsen,T (2322) France 2008}) 12... Nxf6 {With the idea ...Ng4.} 13. Ne5 Qc7 14. a3 a5 15. Bd3 b4 16. Rf3 Qb6 (16... bxa3 $11 17. bxa3 c4) 17. Rh3 $16 h6 {[%cal Rc5d4]} 18. Qe1 (18. axb4 $16 {[%cal Rd4c5]} axb4 19. Ng6) 18... Nxe5 (18... bxa3 $11 {keeps the balance.} 19. bxa3 Nxe5 20. fxe5 Ng4) 19. fxe5 {Bxh6 is the strong threat.} (19. dxe5 Ng4 $15) 19... Ng4 20. Qg3 {[%cal Rg3g4]} Nxe3 21. Rxh6 $1 Nf5 (21... cxd4 $2 22. Rh8+ $3 {[%mdl 512]} Kxh8 23. Qh3+ Bh4 24. Qxh4+ Kg8 25. Qh7+ Kf7 26. Bg6+ Ke7 27. Qxg7+ Kd8 28. Qxf8+ Kc7 29. cxd4 $18) 22. Qg6 cxd4 23. Rh7 ({White has to play} 23. cxb4 $1 $16 Bg5 24. Qh7+ Kf7 25. Qg6+ {[%mdl 64] Double Attack} Kg8 26. Qh7+ Kf7 27. Qg6+ {[%mdl 64] Double Attack} Kg8) 23... dxc3+ $11 24. Kh1 {White wants to mate with Rxg7+!} Rf7 ({Not} 24... cxd2 25. Rxg7+ $3 {[%mdl 512]} Nxg7 26. Qh7+ Kf7 27. Bg6#) 25. Qh5 {[%csl Gh5][%cal Rh7h8]} Nh6 26. Qg6 $40 {[%mdl 128] Threatening mate with Rh8+! White has some attack.} Nf5 27. bxc3 $2 {[%mdl 8192] [#]} (27. Bxf5 $11 exf5 28. Qh5) 27... Bg5 $1 $19 {[%cal Rg5d2][%mdl 512]} 28. Nf3 Bh6 29. Rxh6 $2 (29. Bxf5 exf5 30. Rxh6 Qxg6 31. Rxg6) 29... Nxh6 30. Ng5 Qe3 $2 (30... Ba6 $19 31. Nxf7 Nxf7 32. Qh7+ Kf8 33. Bxa6 Qxa6 34. axb4 a4) 31. Nxf7 $16 Nxf7 32. Rf1 Rb7 33. Qh7+ Kf8 {And now ...Qh6 would win.} 34. Qh8+ Ke7 35. Qxc8 Qb6 {[#] aiming for ...Rb8.} 36. cxb4 $1 axb4 37. a4 Rb8 38. Qc1 Nxe5 39. Bb5 {Strongly threatening Qf4!} Kd6 40. Qf4 {Hoping for Re1.} Qc5 {[#]} 41. Rc1 (41. Re1 $1 $18 {is the precise move to win.} Qc3 42. Rc1) 41... g5 42. Qd2 ({Much weaker is} 42. Qxg5 $6 Qf2 $11) 42... Rxb5 43. axb5 Qxb5 44. Qxg5 {Threatens to win with Qf4.} Nc4 $2 (44... d4 $14) 45. Qd8+ $18 Kc5 46. Qe7+ {[%mdl 64] Double Attack. White used his chance.  Weighted Error Value: White=0.36/Black=0.52} 1-0

[Event "Montenegro Festival Mix-01 2021"]
[Site "Podgorica"]
[Date "2021.03.23"]
[Round "7.8"]
[White "Alivodic, Dario"]
[Black "Vujovic, Savo"]
[Result "1-0"]
[WhiteElo "2189"]
[BlackElo "2187"]
[Annotator "TA"]
[PlyCount "107"]
[EventDate "2021.02.26"]
[EventType "swiss"]
[EventCountry "MNE"]
[SourceTitle "playchess.com"]
[Source "ChessBase"]
[SourceQuality "1"]

{[%evp 16,107,0,1,12,0,10,9,11,24,8,8,9,-3,-10,-3,0,-21,-17,-43,-13,-10,-24,-26,-24,-46,-44,-33,-31,-42,-10,-10,-10,-10,0,-26,-26,-26,-26,-26,22,29,86,34,321,321,330,319,393,399,411,408,980,972,831,560,596,566,595,575,566,541,522,472,591,610,595,570,568,554,708,702,695,677,927,920,902,847,1002,1004,1004,984,992,987,970,941,1012,990,966,957,4914,4906,11553,10791]} 1. d4 g6 2. c3 Bg7 3. Bf4 Nf6 4. Nf3 d6 5. e3 O-O 6. Be2 Nbd7 7. O-O b6 8. h3 Bb7 9. a4 {9.Bh2 gains popularity.} a6 {A48: 1 d4 Nf6 2 Nf3 g6: Torre, London and Colle Systems.} 10. Bh2 Ne4 11. Nbd2 Re8 {The position is equal.} 12. Nxe4 Bxe4 13. Nd2 Bb7 {[#]} 14. e4 $146 ({Predecessor:} 14. Bf3 Bxf3 15. Qxf3 e5 16. Rfd1 Qe7 17. Qc6 Rac8 18. Nc4 e4 19. a5 Qe6 20. Na3 {0-1 (47) Bu,K (1784)-Huang,P (2055) Regina 2019}) 14... e5 15. d5 Bh6 16. b4 Nf6 17. Bf3 a5 18. Nc4 Ba6 19. b5 Bc8 20. Qe2 Nd7 21. Bg4 Nc5 22. Bxc8 Qxc8 23. Nb2 f5 24. f3 f4 25. Nd3 Nd7 26. Kf2 Bf8 27. Ke1 h5 28. g3 Bg7 (28... fxg3 $1 $11 29. Bxg3 Qd8) 29. Kd2 ({White should try} 29. gxf4 $16 {Hoping for Qg2.} exf4 30. Kd1) 29... Nf6 $2 {[%mdl 8192] This costs Black the game.} (29... fxg3 $14 30. Bxg3 Kh7) 30. gxf4 $18 exf4 {aiming for ...Nxd5!} 31. Qg2 ({Less strong is} 31. Nxf4 g5 $16) 31... g5 32. Qxg5 Qxh3 {[#] And now ...Nxe4+! would win.} 33. Rg1 $1 {[%csl Gg1][%cal Rg5g7]} Ng4 ({Of course not} 33... Qxh2+ 34. Rg2 $18) (33... Re7 $142) (33... Re7 34. Bxf4) 34. Bxf4 {White is clearly winning.} Qxf3 35. Qxh5 Rxe4 {( -> ...Re2+)} 36. Qxg4 {[%csl Gg1][%cal Rg4g7]} Re2+ 37. Kc1 {[%csl Gg1][%cal Rg4g7]} Qxg4 38. Rxg4 Kf7 39. Bd2 Rh8 40. Kc2 Rhh2 41. Rf1+ Kg8 42. Rd1 Kh7 43. Nc1 Ref2 44. Rc4 Rf5 45. Rxc7 Rxd5 46. Nb3 Rg5 {[#]} 47. Rh1 $3 {[%mdl 512]} Rxh1 48. Bxg5 Kg6 49. Bd2 Rh4 50. Rc6 Rxa4 51. Rxd6+ Kf7 52. Rxb6 Ra2+ 53. Kb1 Ra3 54. Kb2 {Weighted Error Value: White=0.16/Black=0.33} 1-0